00453nam a2200181 a 4500001001300000003000900013005001700022008004100039020001000080082001300090100001700103245003100120260002700151300000900178500003500187505002400222650002500246nice12345678IN_TiNIC20260116014000.0050524s2000 dela grp 000 0 eng  ac47500a306bJAI aJain, Jasbir aContesting Postcolonialism aDelhibRawat Pubc2000 a274p aincludes index and biblioraphy2 aBibliography, Index aPost Colonial Theory